Spectral analysis and its applications /

Guardado en:
Autor Principal: Jenkins, Gwilym M.
Otros Autores: Watts, Donald G.
Formato: Libro
Idioma:English
Publicado: San Francisco : Holden-Day, c1968.
Series:Holden-Day series in time series analysis
Etiquetas: Agregar Etiqueta
Sin Etiquetas, Sea el primero en etiquetar este registro!
LEADER 00652nam a22001935a 4500
001 MAT.inmabb002378
008 710924s1968####caua#####b####001#0#eng#d
005 20160601164749.0
245 1 0 |a Spectral analysis and its applications /  |c Gwilym M. Jenkins and Donald G. Watts. 
260 |a San Francisco :  |b Holden-Day,  |c c1968. 
300 |a xviii, 525 p. :  |b il. ;  |c 24 cm. 
440 0 |a Holden-Day series in time series analysis 
504 |a Incluye referencias bibliográficas. 
510 4 |a MR,  |c 37 #6000 
100 1 |a Jenkins, Gwilym M. 
700 1 |a Watts, Donald G. 
084 |a 62M15  |2 msc2000 
010 |a  67013840  
859 |h 62  |i J52  |p A-4047  |b BIB. MATEMATICA